000 00429nam a22001817a 4500
005 20180203170402.0
008 160623b xxu||||| |||| 00| 0 eng d
020 _a978-81-8333-163-7
041 _aeng
082 _b9420
_a005.133
100 _aKanetkar, Yashavant
_9176
245 _aLet us C
250 _a9th ed.
260 _bBPB
_anew delhi
_c2009
300 _a621
650 _aInformation Technology
_9137
942 _cBK
999 _c3715
_d3714